[Event "Blitz Open"]
[Site "?"]
[Date "2018.08.03"]
[Round "6.13"]
[White "Abdisalimov, Abdimalik"]
[Black "Moradi, Amirmasoud"]
[Result "1-0"]
[BlackElo "2169"]
[WhiteElo "2184"]
[LiveChessVersion "1.4.8"]

1. d4 {[%clk 0:03:03]} Nf6 {[%clk 0:03:03]} 2. c4 {[%clk 0:03:05]} e6
{[%clk 0:03:05]} 3. Nc3 {[%clk 0:03:06]} Bb4 {[%clk 0:03:05]} 4. e3
{[%clk 0:03:07]} O-O {[%clk 0:02:54]} 5. Bd3 {[%clk 0:03:09]} b6 {[%clk 0:02:51]}
6. Nge2 {[%clk 0:03:09]} Bb7 {[%clk 0:02:52]} 7. a3 {[%clk 0:03:11]} Be7
{[%clk 0:02:52]} 8. e4 {[%clk 0:03:09]} e5 {[%clk 0:02:29]} 9. d5
{[%clk 0:02:48]} d6 {[%clk 0:02:27]} 10. O-O {[%clk 0:02:48]} Nbd7
{[%clk 0:02:28]} 11. b4 {[%clk 0:02:49]} a5 {[%clk 0:02:27]} 12. Rb1
{[%clk 0:02:51]} axb4 13. axb4 {[%clk 0:02:52]} Ne8 {[%clk 0:02:24]} 14. Be3
{[%clk 0:02:40]} g6 {[%clk 0:02:23]} 15. Qc2 {[%clk 0:02:18]} Ng7
{[%clk 0:02:23]} 16. f3 {[%clk 0:02:00]} Bg5 {[%clk 0:02:13]} 17. Bf2
{[%clk 0:02:01]} f5 {[%clk 0:02:06]} 18. c5 {[%clk 0:01:56]} bxc5
{[%clk 0:01:42]} 19. bxc5 {[%clk 0:01:57]} Ba6 {[%clk 0:01:43]} 20. Bxa6 Rxa6
{[%clk 0:01:45]} 21. cxd6 {[%clk 0:01:48]} cxd6 {[%clk 0:01:41]} 22. Rb7
{[%clk 0:01:45]} Qc8 {[%clk 0:01:32]} 23. Qb1 {[%clk 0:01:45]} Bd2
{[%clk 0:01:03]} 24. Qb5 {[%clk 0:01:34]} Nc5 {[%clk 0:00:55]} 25. Bxc5
{[%clk 0:01:16]} Qxc5+ {[%clk 0:00:56]} 26. Qxc5 dxc5 {[%clk 0:00:57]} 27. Rd1
{[%clk 0:01:17]} Be3+ {[%clk 0:00:51]} 28. Kh1 {[%clk 0:01:18]} Ne8
{[%clk 0:00:21]} 29. Nb5 {[%clk 0:00:58]} fxe4 {[%clk 0:00:17]} 30. fxe4
{[%clk 0:00:58]} Nf6 {[%clk 0:00:18]} 31. h3 {[%clk 0:00:33]} Nxe4
{[%clk 0:00:19]} 32. Kh2 {[%clk 0:00:34]} Ra2 {[%clk 0:00:11]} 33. Nbc3
{[%clk 0:00:34]} Nxc3 34. Nxc3 {[%clk 0:00:35]} Rc2 {[%clk 0:00:14]} 35. Ne4
{[%clk 0:00:34]} c4 {[%clk 0:00:09]} 36. d6 {[%clk 0:00:30]} Bd4 {[%clk 0:00:05]}
37. d7 {[%clk 0:00:29]} Rd8 {[%clk 0:00:06]} 38. Rf1 {[%clk 0:00:19]} c3
{[%clk 0:00:04]} 39. Rc7 {[%clk 0:00:20]} Rb2 {[%clk 0:00:05]} 40. Nd6
{[%clk 0:00:12]} Rbb8 41. Nb7 {[%clk 0:00:10]} Rf8 {[%clk 0:00:06]} 42. Rxf8+
Kxf8 {[%clk 0:00:07]} 43. d8=Q+ {[%clk 0:00:08]} Rxd8 {[%clk 0:00:08]} 44. Nxd8
{[%clk 0:00:10]} Ke8 {[%clk 0:00:08]} 45. Ne6 {[%clk 0:00:10]} h5
{[%clk 0:00:07]} 46. Kg3 {[%clk 0:00:11]} e4 {[%clk 0:00:06]} 47. Nxd4
{[%clk 0:00:12]} 1-0

[Event "Blitz Open"]
[Site "?"]
[Date "2018.08.03"]
[Round "6.14"]
[White "Alibabaei, Sasan"]
[Black "Yakubboev, Nodirbek"]
[Result "0-1"]
[BlackElo "2353"]
[WhiteElo "2012"]
[LiveChessVersion "1.4.8"]

1. e4 {[%clk 0:03:02]} c6 {[%clk 0:03:03]} 2. Nc3 {[%clk 0:03:03]} d5 3. Nf3 Nf6
{[%clk 0:03:02]} 4. exd5 {[%clk 0:03:00]} cxd5 {[%clk 0:03:00]} 5. d4
{[%clk 0:03:01]} Nc6 {[%clk 0:02:54]} 6. Be2 {[%clk 0:02:54]} h6 {[%clk 0:02:39]}
7. O-O Bf5 8. Ne5 {[%clk 0:02:44]} e6 {[%clk 0:02:35]} 9. Nxc6 {[%clk 0:02:23]}
bxc6 {[%clk 0:02:35]} 10. Bd3 {[%clk 0:02:25]} Bxd3 {[%clk 0:02:30]} 11. Qxd3
{[%clk 0:02:26]} Bd6 {[%clk 0:02:27]} 12. h3 {[%clk 0:02:25]} O-O
{[%clk 0:02:22]} 13. b3 {[%clk 0:02:13]} c5 {[%clk 0:02:03]} 14. dxc5
{[%clk 0:02:09]} Bxc5 {[%clk 0:02:02]} 15. Bb2 {[%clk 0:02:09]} Rc8
{[%clk 0:01:56]} 16. Na4 {[%clk 0:02:08]} Be7 {[%clk 0:01:40]} 17. Rac1
{[%clk 0:02:05]} Qd7 {[%clk 0:01:28]} 18. Rfd1 {[%clk 0:01:43]} Rfd8
{[%clk 0:01:28]} 19. Bd4 {[%clk 0:01:29]} Ne8 {[%clk 0:01:17]} 20. Qg3
{[%clk 0:01:18]} Bg5 {[%clk 0:01:03]} 21. Be3 {[%clk 0:01:11]} Bxe3
{[%clk 0:00:53]} 22. Qxe3 {[%clk 0:01:12]} Nd6 {[%clk 0:00:52]} 23. Qe2
{[%clk 0:00:55]} Qc6 {[%clk 0:00:36]} 24. c3 {[%clk 0:00:38]} Ne4
{[%clk 0:00:23]} 25. Rd3 {[%clk 0:00:33]} Qb7 {[%clk 0:00:10]} 26. Rcd1
{[%clk 0:00:30]} Re8 {[%clk 0:00:09]} 27. Qf3 {[%clk 0:00:24]} Re7
{[%clk 0:00:08]} 28. Re1 {[%clk 0:00:15]} Nf6 {[%clk 0:00:05]} 29. Rde3
{[%clk 0:00:11]} Rec7 {[%clk 0:00:06]} 30. g4 {[%clk 0:00:10]} Qb5
{[%clk 0:00:06]} 31. h4 {[%clk 0:00:09]} Qd7 {[%clk 0:00:06]} 32. Re5
{[%clk 0:00:09]} Ne4 {[%clk 0:00:07]} 33. c4 {[%clk 0:00:08]} Qd6
{[%clk 0:00:08]} 34. R5xe4 {[%clk 0:00:07]} dxe4 {[%clk 0:00:09]} 35. Qxe4
{[%clk 0:00:08]} Rd8 {[%clk 0:00:10]} 36. Qf3 {[%clk 0:00:05]} Qd2
{[%clk 0:00:09]} 37. Re2 {[%clk 0:00:06]} Qd1+ {[%clk 0:00:10]} 38. Kg2
{[%clk 0:00:06]} Rcd7 {[%clk 0:00:11]} 39. Nc5 {[%clk 0:00:05]} Rd4
{[%clk 0:00:12]} 40. Ne4 {[%clk 0:00:04]} Rd3 {[%clk 0:00:10]} 41. Re3
{[%clk 0:00:03]} Rxe3 {[%clk 0:00:10]} 42. fxe3 Qc2+ {[%clk 0:00:10]} 43. Nf2
{[%clk 0:00:03]} Qxa2 {[%clk 0:00:11]} 44. Qb7 {[%clk 0:00:03]} Rd2
{[%clk 0:00:10]} 45. Qa8+ {[%clk 0:00:04]} Kh7 {[%clk 0:00:11]} 46. Qe4+
{[%clk 0:00:06]} g6 {[%clk 0:00:12]} 47. Qf4 {[%clk 0:00:07]} Rd7
{[%clk 0:00:11]} 48. g5 hxg5 49. hxg5 {[%clk 0:00:09]} Qc2 {[%clk 0:00:11]} 50.
Qh4+ {[%clk 0:00:09]} Kg8 {[%clk 0:00:13]} 51. Qf4 Qf5 {[%clk 0:00:12]} 52. Qg3
{[%clk 0:00:08]} Rb7 {[%clk 0:00:11]} 53. e4 {[%clk 0:00:08]} Qc5
{[%clk 0:00:11]} 54. Nd3 {[%clk 0:00:07]} Qd4 {[%clk 0:00:12]} 55. Nf2
{[%clk 0:00:05]} a5 {[%clk 0:00:11]} 56. Qf3 {[%clk 0:00:04]} Qe5
{[%clk 0:00:11]} 57. Qe3 {[%clk 0:00:03]} Qb2 {[%clk 0:00:08]} 58. Qf3 Qxb3
{[%clk 0:00:07]} 59. Qf6 {[%clk 0:00:03]} Qb2 {[%clk 0:00:07]} 60. Kf1
{[%clk 0:00:04]} Qxf6 {[%clk 0:00:08]} 0-1

[Event "Blitz Open"]
[Site "?"]
[Date "2018.08.03"]
[Round "6.15"]
[White "Sindarov, Javokhir"]
[Black "Delavari, Amirali"]
[Result "1-0"]
[BlackElo "2131"]
[WhiteElo "2392"]
[LiveChessVersion "1.4.8"]

1. e4 {[%clk 0:03:02]} e6 {[%clk 0:03:04]} 2. Qe2 {[%clk 0:03:02]} c5
{[%clk 0:03:02]} 3. Nf3 {[%clk 0:03:03]} Nc6 {[%clk 0:03:03]} 4. g3
{[%clk 0:03:04]} d6 {[%clk 0:02:52]} 5. Bg2 {[%clk 0:03:05]} Be7 {[%clk 0:02:52]}
6. O-O {[%clk 0:03:03]} Nf6 {[%clk 0:02:53]} 7. c3 {[%clk 0:03:03]} O-O
{[%clk 0:02:29]} 8. h3 {[%clk 0:03:00]} Rb8 {[%clk 0:02:28]} 9. d4
{[%clk 0:02:53]} cxd4 {[%clk 0:02:05]} 10. cxd4 {[%clk 0:02:51]} d5
{[%clk 0:02:08]} 11. e5 {[%clk 0:02:51]} Nd7 {[%clk 0:02:08]} 12. Nc3
{[%clk 0:02:29]} a6 {[%clk 0:02:07]} 13. Be3 {[%clk 0:02:29]} b5 {[%clk 0:02:07]}
14. Rfc1 {[%clk 0:02:30]} Qb6 {[%clk 0:02:08]} 15. h4 {[%clk 0:02:14]} a5
{[%clk 0:02:09]} 16. Nxb5 {[%clk 0:01:54]} Ncxe5 {[%clk 0:01:31]} 17. Nxe5
{[%clk 0:01:50]} Nxe5 {[%clk 0:01:29]} 18. dxe5 {[%clk 0:01:51]} Qxb5
{[%clk 0:01:31]} 19. Qxb5 {[%clk 0:01:51]} Rxb5 {[%clk 0:01:32]} 20. Rc7
{[%clk 0:01:51]} Re8 {[%clk 0:00:27]} 21. Rac1 {[%clk 0:01:50]} Rb8
{[%clk 0:00:28]} 22. Bf1 {[%clk 0:01:29]} Kf8 {[%clk 0:00:20]} 23. Ba7
{[%clk 0:01:27]} Ra8 {[%clk 0:00:20]} 24. Bb5 {[%clk 0:01:18]} Rd8
{[%clk 0:00:13]} 25. Rxe7 {[%clk 0:01:13]} d4 {[%clk 0:00:04]} 26. Bxd4
{[%clk 0:00:55]} Rb8 {[%clk 0:00:04]} 27. Rec7 {[%clk 0:00:47]} Bb7
{[%clk 0:00:04]} 28. Bc5+ {[%clk 0:00:45]} Kg8 {[%clk 0:00:06]} 29. Bd6
{[%clk 0:00:46]} Bd5 {[%clk 0:00:06]} 30. Bd7 {[%clk 0:00:43]} Ra8
{[%clk 0:00:04]} 31. Rc8 {[%clk 0:00:43]} h6 {[%clk 0:00:03]} 1-0

[Event "Blitz Open"]
[Site "?"]
[Date "2018.08.03"]
[Round "6.16"]
[White "Rahmatian, Shayan"]
[Black "Iuldachev, Saidali"]
[Result "0-1"]
[BlackElo "2509"]
[WhiteElo "1932"]
[LiveChessVersion "1.4.8"]

1. d4 {[%clk 0:03:02]} Nf6 {[%clk 0:03:03]} 2. c4 {[%clk 0:03:03]} d6
{[%clk 0:03:04]} 3. Nc3 {[%clk 0:03:03]} Nbd7 {[%clk 0:03:05]} 4. e4
{[%clk 0:03:01]} e5 {[%clk 0:03:06]} 5. d5 {[%clk 0:03:02]} Be7 {[%clk 0:03:07]}
6. f3 {[%clk 0:02:54]} Nh5 {[%clk 0:03:05]} 7. Nge2 {[%clk 0:01:50]} Bg5
{[%clk 0:03:05]} 8. Bxg5 {[%clk 0:01:48]} Qxg5 {[%clk 0:03:06]} 9. Qd2
{[%clk 0:01:48]} Qxd2+ {[%clk 0:03:01]} 10. Kxd2 {[%clk 0:01:48]} c6
{[%clk 0:02:55]} 11. g4 {[%clk 0:01:43]} Nf4 {[%clk 0:02:53]} 12. Nxf4
{[%clk 0:01:41]} exf4 {[%clk 0:02:55]} 13. h4 {[%clk 0:01:35]} Ne5
{[%clk 0:02:51]} 14. Be2 {[%clk 0:01:31]} Bd7 {[%clk 0:02:44]} 15. Rhd1
{[%clk 0:01:28]} Ke7 {[%clk 0:02:43]} 16. Ke1 {[%clk 0:01:21]} f6
{[%clk 0:02:41]} 17. Rd2 {[%clk 0:01:09]} c5 {[%clk 0:02:41]} 18. a3
{[%clk 0:01:00]} h5 {[%clk 0:02:42]} 19. g5 {[%clk 0:00:58]} fxg5
{[%clk 0:02:42]} 20. hxg5 h4 21. Kf2 {[%clk 0:00:59]} h3 {[%clk 0:02:44]} 22. b4
{[%clk 0:00:52]} Rac8 {[%clk 0:02:35]} 23. Rb1 {[%clk 0:00:46]} cxb4
{[%clk 0:02:30]} 24. axb4 {[%clk 0:00:46]} Nxc4 {[%clk 0:02:23]} 25. Ra2
{[%clk 0:00:44]} a6 26. Raa1 {[%clk 0:00:34]} Ne5 {[%clk 0:02:19]} 27. Na4
{[%clk 0:00:31]} Bxa4 {[%clk 0:02:16]} 28. Rxa4 {[%clk 0:00:31]} Rc2
{[%clk 0:02:15]} 29. b5 {[%clk 0:00:26]} axb5 {[%clk 0:02:07]} 30. Rxb5
{[%clk 0:00:26]} h2 {[%clk 0:02:03]} 31. Rxb7+ {[%clk 0:00:25]} Nd7
{[%clk 0:02:04]} 32. Raa7 {[%clk 0:00:25]} Rd8 {[%clk 0:02:05]} 33. Ra1
{[%clk 0:00:24]} Rdc8 {[%clk 0:01:49]} 34. Rh1 {[%clk 0:00:24]} Ra2
{[%clk 0:01:46]} 35. Rxh2 {[%clk 0:00:23]} Rcc2 {[%clk 0:01:48]} 36. Kf1
{[%clk 0:00:23]} Rc1+ {[%clk 0:01:43]} 37. Kf2 {[%clk 0:00:23]} Rxe2+
{[%clk 0:01:44]} 38. Kxe2 {[%clk 0:00:21]} Rc2+ {[%clk 0:01:45]} 39. Kd3
{[%clk 0:00:21]} Rxh2 {[%clk 0:01:46]} 40. e5 {[%clk 0:00:20]} dxe5 41. Ke4 g6
{[%clk 0:01:45]} 42. Ra7 {[%clk 0:00:20]} Re2+ {[%clk 0:01:46]} 43. Kd3
{[%clk 0:00:21]} Re3+ {[%clk 0:01:47]} 0-1

[Event "Blitz Open"]
[Site "?"]
[Date "2018.08.03"]
[Round "7.1"]
[White "Maghsoodloo, Parham"]
[Black "Abdisalimov, Abdimalik"]
[Result "1-0"]
[BlackElo "2184"]
[WhiteElo "2650"]
[LiveChessVersion "1.4.8"]

1. b3 {[%clk 0:03:01]} d5 {[%clk 0:02:53]} 2. Bb2 {[%clk 0:03:01]} Bg4
{[%clk 0:02:54]} 3. h3 {[%clk 0:02:57]} Bh5 {[%clk 0:02:55]} 4. d3
{[%clk 0:02:45]} Nf6 {[%clk 0:02:53]} 5. Nd2 {[%clk 0:02:41]} c5 {[%clk 0:02:43]}
6. Ngf3 {[%clk 0:02:34]} Nc6 {[%clk 0:02:42]} 7. g4 {[%clk 0:02:29]} Bg6
{[%clk 0:02:43]} 8. Bg2 {[%clk 0:02:30]} e6 {[%clk 0:02:43]} 9. Nh4
{[%clk 0:02:30]} Bd6 {[%clk 0:02:40]} 10. e3 {[%clk 0:02:31]} O-O
{[%clk 0:02:21]} 11. O-O {[%clk 0:02:21]} Nd7 {[%clk 0:01:28]} 12. Nxg6
{[%clk 0:02:20]} hxg6 {[%clk 0:01:30]} 13. f4 {[%clk 0:02:21]} Rc8
{[%clk 0:00:58]} 14. e4 {[%clk 0:02:16]} dxe4 {[%clk 0:00:47]} 15. dxe4
{[%clk 0:02:16]} g5 {[%clk 0:00:44]} 16. e5 {[%clk 0:02:10]} Bb8 {[%clk 0:00:39]}
17. fxg5 {[%clk 0:02:05]} Qxg5 {[%clk 0:00:37]} 18. Nf3 {[%clk 0:01:56]} Qe3+
{[%clk 0:00:36]} 19. Kh1 {[%clk 0:01:56]} Ndxe5 {[%clk 0:00:24]} 20. Nxe5
{[%clk 0:01:56]} Bxe5 {[%clk 0:00:18]} 21. Re1 {[%clk 0:01:49]} Qf4
{[%clk 0:00:09]} 22. Bxe5 Nxe5 {[%clk 0:00:10]} 23. Bxb7 {[%clk 0:01:24]} Rcd8
{[%clk 0:00:09]} 24. Qe2 {[%clk 0:01:25]} Rd2 {[%clk 0:00:08]} 25. Rf1
{[%clk 0:01:26]} Rxe2 {[%clk 0:00:04]} 26. Rxf4 {[%clk 0:01:27]} Rxc2
{[%clk 0:00:05]} 27. Ra4 {[%clk 0:01:10]} c4 {[%clk 0:00:05]} 28. bxc4
{[%clk 0:01:10]} Nxc4 {[%clk 0:00:06]} 29. Rxa7 {[%clk 0:01:11]} Rd8
{[%clk 0:00:06]} 30. a4 {[%clk 0:01:09]} g6 {[%clk 0:00:07]} 31. Ra8
{[%clk 0:01:09]} Rxa8 {[%clk 0:00:08]} 32. Bxa8 {[%clk 0:01:11]} Na5
{[%clk 0:00:09]} 33. Bg2 {[%clk 0:01:02]} Kf8 {[%clk 0:00:09]} 34. Bf1
{[%clk 0:00:59]} f5 {[%clk 0:00:10]} 35. Rb1 {[%clk 0:00:45]} Rc5
{[%clk 0:00:06]} 36. g5 {[%clk 0:00:37]} f4 {[%clk 0:00:05]} 37. Rb5
{[%clk 0:00:38]} Rxb5 38. axb5 {[%clk 0:00:38]} e5 {[%clk 0:00:06]} 39. Bd3
{[%clk 0:00:39]} Kf7 {[%clk 0:00:06]} 40. b6 {[%clk 0:00:38]} Nb7
{[%clk 0:00:03]} 41. Be4 {[%clk 0:00:39]} Nc5 {[%clk 0:00:04]} 42. b7
{[%clk 0:00:39]} Nd7 {[%clk 0:00:05]} 43. h4 {[%clk 0:00:40]} Nb8
{[%clk 0:00:06]} 44. Kg2 {[%clk 0:00:41]} Ke7 {[%clk 0:00:05]} 45. Bxg6
{[%clk 0:00:41]} Ke6 {[%clk 0:00:04]} 46. Be4 {[%clk 0:00:42]} Nd7
{[%clk 0:00:05]} 47. h5 {[%clk 0:00:43]} Ke7 {[%clk 0:00:05]} 48. h6
{[%clk 0:00:43]} Kf7 {[%clk 0:00:06]} 49. g6+ {[%clk 0:00:44]} Kf6
{[%clk 0:00:07]} 50. g7 {[%clk 0:00:45]} 1-0

[Event "Blitz Open"]
[Site "?"]
[Date "2018.08.03"]
[Round "7.2"]
[White "Yakubboev, Nodirbek"]
[Black "Firouzja, Alireza"]
[Result "0-1"]
[BlackElo "2629"]
[WhiteElo "2353"]
[LiveChessVersion "1.4.8"]

1. g3 {[%clk 0:03:03]} g6 {[%clk 0:03:02]} 2. Bg2 {[%clk 0:03:04]} Bg7
{[%clk 0:03:04]} 3. d4 {[%clk 0:03:05]} d6 {[%clk 0:03:04]} 4. Nf3
{[%clk 0:03:05]} Nf6 {[%clk 0:03:06]} 5. c4 {[%clk 0:03:06]} O-O {[%clk 0:03:06]}
6. O-O {[%clk 0:03:06]} Nbd7 {[%clk 0:03:02]} 7. Nc3 {[%clk 0:03:06]} e5
{[%clk 0:03:03]} 8. e4 {[%clk 0:03:04]} Re8 {[%clk 0:03:04]} 9. h3
{[%clk 0:03:04]} exd4 {[%clk 0:03:03]} 10. Nxd4 {[%clk 0:03:05]} Nc5
{[%clk 0:02:59]} 11. Re1 {[%clk 0:03:01]} h6 {[%clk 0:03:00]} 12. Rb1
{[%clk 0:02:54]} a5 {[%clk 0:03:00]} 13. Ndb5 {[%clk 0:02:54]} Bf8
{[%clk 0:02:59]} 14. Qc2 {[%clk 0:02:09]} c6 {[%clk 0:03:00]} 15. Nd4
{[%clk 0:02:10]} Bg7 {[%clk 0:03:01]} 16. Be3 {[%clk 0:02:07]} Qe7
{[%clk 0:02:55]} 17. Bd2 {[%clk 0:01:49]} Nh7 {[%clk 0:02:50]} 18. Nf3
{[%clk 0:01:39]} Ng5 {[%clk 0:02:35]} 19. Nxg5 {[%clk 0:01:35]} hxg5
{[%clk 0:02:37]} 20. b3 {[%clk 0:01:27]} Bf6 {[%clk 0:02:34]} 21. Na4
{[%clk 0:01:02]} Nxa4 {[%clk 0:02:27]} 22. bxa4 {[%clk 0:01:04]} Kg7
{[%clk 0:02:28]} 23. Rb3 {[%clk 0:00:54]} Rh8 {[%clk 0:02:27]} 24. g4
{[%clk 0:00:55]} Be5 {[%clk 0:01:56]} 25. Be3 {[%clk 0:00:48]} c5
{[%clk 0:01:33]} 26. Qd2 {[%clk 0:00:48]} f6 {[%clk 0:01:28]} 27. Rb5
{[%clk 0:00:47]} Qc7 {[%clk 0:01:22]} 28. Reb1 {[%clk 0:00:48]} Ra7
{[%clk 0:01:23]} 29. Rb6 {[%clk 0:00:45]} Bd7 {[%clk 0:01:22]} 30. f4
{[%clk 0:00:40]} gxf4 {[%clk 0:01:22]} 31. Bxf4 {[%clk 0:00:41]} Bc6
{[%clk 0:01:17]} 32. g5 {[%clk 0:00:37]} Qe7 {[%clk 0:01:13]} 33. gxf6+
{[%clk 0:00:33]} Qxf6 {[%clk 0:01:13]} 34. Be3 {[%clk 0:00:26]} Qe6
{[%clk 0:01:06]} 35. Qe2 {[%clk 0:00:18]} Rxh3 {[%clk 0:00:49]} 36. Bxh3
{[%clk 0:00:19]} Qxh3 {[%clk 0:00:51]} 37. R6b3 {[%clk 0:00:20]} Ra8
{[%clk 0:00:30]} 38. Bxc5 {[%clk 0:00:14]} Qh4 {[%clk 0:00:29]} 39. Bf2
{[%clk 0:00:11]} Qh2+ {[%clk 0:00:30]} 40. Kf1 {[%clk 0:00:12]} Qh1+
{[%clk 0:00:31]} 41. Bg1 {[%clk 0:00:12]} Rf8+ {[%clk 0:00:32]} 0-1

[Event "Blitz Open"]
[Site "?"]
[Date "2018.08.03"]
[Round "7.3"]
[White "Tabatabaei, M.Amin"]
[Black "Sindarov, Javokhir"]
[Result "1-0"]
[BlackElo "2392"]
[WhiteElo "2587"]
[LiveChessVersion "1.4.8"]

1. d4 {[%clk 0:03:03]} Nf6 {[%clk 0:03:03]} 2. Bg5 {[%clk 0:03:05]} c5
{[%clk 0:03:00]} 3. Bxf6 gxf6 {[%clk 0:03:01]} 4. d5 {[%clk 0:03:05]} Qb6
{[%clk 0:03:01]} 5. Qc1 {[%clk 0:03:07]} f5 {[%clk 0:02:58]} 6. c4
{[%clk 0:03:08]} Bg7 {[%clk 0:02:52]} 7. Nc3 {[%clk 0:03:09]} d6 {[%clk 0:02:53]}
8. e3 {[%clk 0:03:04]} Nd7 {[%clk 0:02:52]} 9. Qc2 {[%clk 0:02:59]} Nf6
{[%clk 0:02:49]} 10. Nf3 {[%clk 0:02:54]} Ne4 {[%clk 0:02:45]} 11. Bd3
{[%clk 0:02:39]} Qxb2 {[%clk 0:02:18]} 12. Qxb2 {[%clk 0:02:39]} Bxc3+
{[%clk 0:02:18]} 13. Qxc3 {[%clk 0:02:40]} Nxc3 {[%clk 0:02:19]} 14. Kd2
{[%clk 0:02:25]} Ne4+ {[%clk 0:02:16]} 15. Ke2 {[%clk 0:02:24]} e6
{[%clk 0:02:12]} 16. Rhc1 {[%clk 0:01:56]} b6 {[%clk 0:02:06]} 17. a4
{[%clk 0:01:50]} Bb7 {[%clk 0:02:00]} 18. Nh4 {[%clk 0:01:27]} Kd7
{[%clk 0:01:36]} 19. a5 {[%clk 0:01:28]} Kc7 {[%clk 0:01:26]} 20. g3
{[%clk 0:01:25]} Nf6 {[%clk 0:01:24]} 21. Rcb1 {[%clk 0:01:19]} Rhb8
{[%clk 0:01:13]} 22. Ra3 {[%clk 0:01:06]} Bc8 {[%clk 0:01:09]} 23. Rba1
{[%clk 0:01:06]} bxa5 24. Rxa5 {[%clk 0:01:07]} Rb2+ {[%clk 0:01:05]} 25. Ke1
{[%clk 0:00:46]} a6 {[%clk 0:01:06]} 26. R5a2 {[%clk 0:00:42]} Rab8
{[%clk 0:01:07]} 27. dxe6 fxe6 {[%clk 0:01:07]} 28. h3 {[%clk 0:00:35]} Rxa2
{[%clk 0:00:49]} 29. Rxa2 {[%clk 0:00:37]} Rb3 {[%clk 0:00:50]} 30. Ke2
{[%clk 0:00:35]} Bb7 {[%clk 0:00:49]} 31. Bc2 {[%clk 0:00:29]} Rb4
{[%clk 0:00:48]} 32. f3 {[%clk 0:00:20]} h5 {[%clk 0:00:28]} 33. Ng6
{[%clk 0:00:19]} Kb6 {[%clk 0:00:20]} 34. Nf4 {[%clk 0:00:17]} e5
{[%clk 0:00:20]} 35. Ne6 {[%clk 0:00:18]} Rxc4 {[%clk 0:00:20]} 36. Bxf5
{[%clk 0:00:18]} Rb4 {[%clk 0:00:21]} 37. Rd2 {[%clk 0:00:15]} d5 38. g4 hxg4
{[%clk 0:00:17]} 39. hxg4 {[%clk 0:00:19]} d4 {[%clk 0:00:18]} 40. exd4
{[%clk 0:00:13]} exd4 {[%clk 0:00:18]} 41. g5 {[%clk 0:00:13]} Nh5
{[%clk 0:00:19]} 42. g6 {[%clk 0:00:12]} Bc8 {[%clk 0:00:21]} 43. Nxd4
{[%clk 0:00:05]} Nf4+ {[%clk 0:00:20]} 44. Ke3 {[%clk 0:00:04]} Bxf5
{[%clk 0:00:04]} 45. Nxf5 {[%clk 0:00:05]} Nxg6 {[%clk 0:00:03]} 46. Rd6+
{[%clk 0:00:06]} Kb5 {[%clk 0:00:05]} 47. Rxg6 {[%clk 0:00:07]} a5
{[%clk 0:00:07]} 48. Nd6+ {[%clk 0:00:07]} Ka4 {[%clk 0:00:08]} 49. Rg4
{[%clk 0:00:08]} Kb3 {[%clk 0:00:09]} 50. Rxb4+ {[%clk 0:00:03]} cxb4
{[%clk 0:00:10]} 51. Kd2 {[%clk 0:00:03]} a4 {[%clk 0:00:11]} 52. Kc1
{[%clk 0:00:05]} Ka2 {[%clk 0:00:13]} 53. Ne4 {[%clk 0:00:04]} b3
{[%clk 0:00:12]} 54. Nc3+ {[%clk 0:00:04]} Ka3 {[%clk 0:00:13]} 55. f4
{[%clk 0:00:04]} Kb4 {[%clk 0:00:14]} 56. Nxa4 {[%clk 0:00:05]} Kxa4
{[%clk 0:00:15]} 57. f5 1-0

[Event "Blitz Open"]
[Site "?"]
[Date "2018.08.03"]
[Round "7.4"]
[White "Iuldachev, Saidali"]
[Black "Idani, Pouya"]
[Result "1/2-1/2"]
[BlackElo "2559"]
[WhiteElo "2509"]
[LiveChessVersion "1.4.8"]

1. e4 {[%clk 0:03:03]} c5 {[%clk 0:03:04]} 2. Nc3 {[%clk 0:03:04]} d6
{[%clk 0:03:05]} 3. f4 {[%clk 0:03:04]} g6 {[%clk 0:03:05]} 4. Nf3
{[%clk 0:03:05]} Bg7 {[%clk 0:03:06]} 5. Bb5+ {[%clk 0:03:06]} Bd7
{[%clk 0:03:07]} 6. a4 {[%clk 0:03:07]} a6 {[%clk 0:03:03]} 7. Bxd7+ Qxd7
{[%clk 0:03:04]} 8. d3 {[%clk 0:03:08]} Nc6 {[%clk 0:03:05]} 9. O-O
{[%clk 0:03:09]} e6 {[%clk 0:03:02]} 10. f5 {[%clk 0:02:59]} Nge7
{[%clk 0:02:51]} 11. fxe6 {[%clk 0:02:53]} fxe6 {[%clk 0:02:50]} 12. Qe1
{[%clk 0:02:34]} O-O {[%clk 0:02:29]} 13. Qh4 {[%clk 0:02:34]} Nd4
{[%clk 0:02:29]} 14. Bh6 {[%clk 0:02:13]} Bxh6 {[%clk 0:02:26]} 15. Qxh6
{[%clk 0:02:14]} Nxf3+ {[%clk 0:02:27]} 16. gxf3 {[%clk 0:02:04]} Nc6
{[%clk 0:02:28]} 17. f4 {[%clk 0:02:01]} Nd4 {[%clk 0:02:26]} 18. Rf2
{[%clk 0:02:02]} Qg7 {[%clk 0:02:19]} 19. Qxg7+ Kxg7 {[%clk 0:02:20]} 20. a5
{[%clk 0:01:58]} Rf7 {[%clk 0:02:19]} 21. Kg2 {[%clk 0:01:53]} Raf8 22. Raf1 Nc6
{[%clk 0:02:18]} 23. Na4 {[%clk 0:01:41]} Nxa5 {[%clk 0:01:57]} 24. e5
{[%clk 0:01:43]} b5 {[%clk 0:01:49]} 25. Nc3 {[%clk 0:01:30]} dxe5
{[%clk 0:01:20]} 26. Ra1 {[%clk 0:01:30]} Nc6 {[%clk 0:01:22]} 27. Rxa6
{[%clk 0:01:31]} Nd4 {[%clk 0:01:23]} 28. Ne4 {[%clk 0:01:28]} exf4
{[%clk 0:01:17]} 29. Nxc5 {[%clk 0:01:23]} f3+ {[%clk 0:00:53]} 30. Kf1
{[%clk 0:01:21]} Kh6 {[%clk 0:00:43]} 31. c3 {[%clk 0:01:19]} Nf5
{[%clk 0:00:44]} 32. Nxe6 {[%clk 0:01:17]} Ne3+ {[%clk 0:00:45]} 33. Ke1
{[%clk 0:01:14]} Re8 {[%clk 0:00:45]} 34. Kd2 {[%clk 0:01:15]} Ng4
{[%clk 0:00:46]} 35. Rf1 {[%clk 0:01:15]} f2 {[%clk 0:00:46]} 36. Ke2
{[%clk 0:00:47]} Rf6 {[%clk 0:00:47]} 37. h3 {[%clk 0:00:45]} Rexe6+
{[%clk 0:00:38]} 38. Rxe6 Rxe6+ {[%clk 0:00:39]} 39. Kd2 {[%clk 0:00:46]} Ne3
{[%clk 0:00:39]} 40. Rxf2 {[%clk 0:00:48]} Nf5 {[%clk 0:00:41]} 41. d4
{[%clk 0:00:48]} Kg5 {[%clk 0:00:41]} 42. b3 {[%clk 0:00:46]} Kh4
{[%clk 0:00:43]} 43. d5 {[%clk 0:00:46]} Re4 {[%clk 0:00:42]} 44. Kd3
{[%clk 0:00:45]} Re3+ {[%clk 0:00:43]} 45. Kd2 {[%clk 0:00:47]} Rxh3
{[%clk 0:00:43]} 46. c4 {[%clk 0:00:48]} bxc4 {[%clk 0:00:43]} 47. bxc4
{[%clk 0:00:50]} Ra3 {[%clk 0:00:44]} 48. Rh2+ {[%clk 0:00:49]} Kg5
{[%clk 0:00:44]} 49. Rxh7 {[%clk 0:00:51]} Kf4 {[%clk 0:00:44]} 50. c5
{[%clk 0:00:51]} Ra5 {[%clk 0:00:44]} 51. Rc7 {[%clk 0:00:52]} Ke5
{[%clk 0:00:27]} 52. d6 {[%clk 0:00:52]} Ra2+ {[%clk 0:00:14]} 53. Ke1
{[%clk 0:00:51]} Ra1+ {[%clk 0:00:12]} 54. Kf2 {[%clk 0:00:52]} Ra2+
{[%clk 0:00:13]} 55. Kg1 {[%clk 0:00:52]} Ra1+ {[%clk 0:00:13]} 56. Kf2
{[%clk 0:00:53]} Ra2+ 57. Kg1 {[%clk 0:00:54]} Nxd6 {[%clk 0:00:05]} 58. cxd6
Kxd6 {[%clk 0:00:06]} 59. Rg7 {[%clk 0:00:55]} Ke5 1/2-1/2